[Event "Zagreb op"]
[Site "Zagreb"]
[Date "1998.01.07"]
[Round "5"]
[White "Devcic, Ivan"]
[Black "Petrov, Jole"]
[Result "0-1"]
[WhiteElo "2295"]
[BlackElo "2335"]

1.e4 d6 2.d4 Nf6 3.Nc3 Nbd7 4.f4 e5 5.Nf3 exd4 6.Qxd4 c6 7.Be3 d5 8.e5 Ng4
9.Bg1 Nh6 10.O-O-O Nf5 11.Qd3 Nc5 12.Qd2 h5 13.g3 Be6 14.Kb1 Be7 15.Nd4 Qc7
16.Bd3 Nxd4 17.Bxd4 Nxd3 18.Qxd3 g6 19.Bf2 Qa5 20.Be1 O-O-O 21.Ne2 Qb6 22.Qb3 Qa6
23.Qd3 Qb6 24.Qb3 Qxb3 25.axb3 c5 26.h4 d4 27.Rh2 Rd7 28.b4 Rhd8 29.bxc5 Bxc5
30.Nc1 Bg4 31.Rd3 Bf5 32.Rb3 d3 33.cxd3 Bxd3+ 34.Nxd3 Rxd3 35.Rxd3 Rxd3 36.Rc2 b6
37.b4 Rd1+ 38.Rc1 Rxc1+ 39.Kxc1 Be7 40.Kd1 Kd7 41.Ke2 a6 42.Kf3 Ke6 43.Ke4 Bd8
44.Kd4 a5 45.Kc4 axb4 46.Bxb4 f6 47.Bd6 fxe5 48.Bxe5 Kf5 49.Kb5 Bf6 50.Bxf6 Kxf6
51.Kxb6 Kf5 52.Kc6 Kg4 53.Kd5 Kxg3 54.Ke5 Kg4 55.Kf6 Kxf4  0-1

[Event "NLD-sf"]
[Site "Enschede"]
[Date "1998.01.11"]
[Round "9"]
[White "Visser, Yge"]
[Black "Cifuentes Parada, Roberto"]
[Result "1/2-1/2"]
[WhiteElo "2360"]
[BlackElo "2535"]

1.e4 d6 2.d4 Nf6 3.Nc3 e5 4.dxe5 dxe5 5.Qxd8+ Kxd8 6.Bg5 Be6 7.Nf3 Nd7 8.Be2 Kc8
9.Bh4 h6 10.Bg3 Bd6 11.Nd2 Nc5 12.O-O a5 13.Rfe1 Re8 14.Bf1 c6 15.Nc4 Bxc4
16.Bxc4 Re7 17.Rad1 Bc7 18.a4 Nfd7 19.Be2 Ne6 20.Bg4 Ra6 21.b3 Nf6 22.Bf5 Kb8
23.Bxe6 Rxe6 24.Rd3 Ra8 25.f3 Bb6+ 26.Bf2 Bxf2+ 27.Kxf2 Kc7 28.Red1 Re7 29.Nb1 Nd7
30.Na3 Nb6 31.h4 h5 32.Rd6 Rae8 33.Ke2 Re6 34.R6d2 R6e7 35.Rd6 Re6 36.R6d2 R6e7
37.Rd6  1/2-1/2

[Event "Szeged TT01 IM"]
[Site "Szeged"]
[Date "1998.01.15"]
[Round "1"]
[White "Tatar Kis, Szabolcs"]
[Black "Czebe, Attila"]
[Result "0-1"]
[WhiteElo "2350"]
[BlackElo "2475"]

1.e4 d6 2.d4 Nf6 3.Nc3 e5 4.dxe5 dxe5 5.Qxd8+ Kxd8 6.Bc4 Be6 7.Bxe6 fxe6
8.Be3 Nc6 9.O-O-O+ Bd6 10.Nge2 a6 11.Rd2 Ke7 12.f3 b5 13.Kb1 Rhb8 14.Nc1 Bb4
15.Rd3 Nd7 16.Rhd1 Bd6 17.N3e2 h6 18.R3d2 a5 19.Nd3 a4 20.f4 exf4 21.Bxf4 e5
22.Be3 Ke6 23.Ng3 g6 24.Rf2 h5 25.Rdf1 Rf8 26.Rxf8 Rxf8 27.Rxf8 Bxf8 28.c3 Be7
29.Kc2 Na5 30.b3 axb3+ 31.axb3 c5 32.Bxc5 Bxc5 33.Nxc5+ Nxc5 34.b4 Nc4 35.bxc5 Ne3+
36.Kb3 Kd7 37.Ne2 Nxg2 38.c4 Kc6 39.Kb4 bxc4 40.Kxc4 Ne3+ 41.Kb4 Ng4 42.h4 Nf2
43.Ng3 Nd3+ 44.Kc3 Nxc5 45.Kd2 Ne6 46.Ke3 Nf4 47.Kf3 Kc5 48.Nf1 Kc4 49.Ne3+ Kd4
50.Nc2+ Kc3 51.Ne3 Ne6 52.Nd5+ Kd2 53.Ne7 Kd3 54.Nxg6 Nd4+ 55.Kf2 Kxe4 56.Nf8 Kf4
57.Ng6+ Kf5 58.Nf8 Nc6 59.Ke3 Ne7 60.Kf3 Ng6 61.Nxg6 Kxg6 62.Ke4 Kf6 63.Ke3 Kf5
64.Kf3 e4+ 65.Ke3 Ke5  0-1

[Event "Szeged TT01 IM"]
[Site "Szeged"]
[Date "1998.01.15"]
[Round "1"]
[White "Papp, Laszlo"]
[Black "De Santis, Alessio"]
[Result "1/2-1/2"]
[WhiteElo "2225"]
[BlackElo "2310"]

1.e4 d6 2.d4 Nf6 3.Nc3 c6 4.f4 Qa5 5.Qd3 e5 6.Nf3 Nbd7 7.Bd2 Qc7 8.O-O-O Be7
9.h3 O-O 10.g4 b5 11.g5 Nh5 12.f5 Ng3 13.Rg1 Nxf1 14.Qxf1 exd4 15.Nxd4 b4
16.f6 bxc3 17.Bxc3 Ne5 18.Nf5 Bxf5 19.fxe7 Rfe8 20.exf5 Rxe7 21.f6 Re6 22.fxg7 Rae8
23.Qf5 Kxg7 24.Rg4 Kg8 25.Rh4 Ng6 26.Rh6 d5 27.Rf1 R8e7 28.h4 Qg3 29.Qf2 Qxf2
30.Rxf2 c5 31.h5 Ne5 32.g6 hxg6 33.Bxe5 Rxe5 34.hxg6 f6 35.Rh7 Rxh7 36.gxh7+ Kxh7
37.Rxf6 Kg7 38.Rc6 d4 39.Rc7+ Kf6 40.Rxa7 Ke6 41.a4 Re2 42.Ra8 Kd5 43.b3 Rh2
44.Rd8+ Kc6 45.b4 cxb4 46.Rxd4 Kc5 47.Rd8 Rh3 48.Rd3 Rxd3 49.cxd3 b3 50.Kb2 Kb4
51.a5 Kxa5 52.Kxb3 Kb5  1/2-1/2

[Event "Szeged TT01 IM"]
[Site "Szeged"]
[Date "1998.01.16"]
[Round "2"]
[White "Papp Z, Csaba"]
[Black "De Santis, Alessio"]
[Result "1-0"]
[WhiteElo "2350"]
[BlackElo "2310"]

1.e4 d6 2.d4 Nf6 3.Nc3 c6 4.f4 Qa5 5.Bd3 d5 6.Bd2 Qb6 7.e5 Ne4 8.Bxe4 dxe4
9.Bc1 Na6 10.Nge2 g6 11.Nxe4 Bg7 12.c3 Bf5 13.N2g3 Be6 14.b3 h5 15.Ng5 Bg4
16.Qd3 h4 17.Nf1 Rd8 18.Ne3 Bc8 19.e6 Nb4 20.cxb4 Rxd4 21.exf7+ Kf8 22.Qxg6 Qxb4+
23.Ke2 Qb5+ 24.Kf3 e5 25.Ba3+ c5 26.fxe5 Bxe5 27.g3 b6 28.Ne6+ Ke7 29.Nf5+ Kd7
30.f8=N+ Rxf8 31.Nxf8+ Kc7 32.Ne6+ Kb8 33.Nfxd4 cxd4 34.Kf2 d3 35.Rac1 d2
36.Rxc8+ Kxc8 37.Qc2+  1-0

[Event "Szeged TT01 IM"]
[Site "Szeged"]
[Date "1998.01.18"]
[Round "4"]
[White "Czebe, Attila"]
[Black "De Santis, Alessio"]
[Result "1/2-1/2"]
[WhiteElo "2475"]
[BlackElo "2310"]

1.e4 d6 2.d4 Nf6 3.Nc3 c6 4.f4 Qa5 5.Bd3 d5 6.e5 Ne4 7.Qf3 Na6 8.Ne2 Nb4
9.Bxe4 dxe4 10.Qxe4 f5 11.exf6 Bf5 12.Qf3 Nxc2+ 13.Kf2 Nxa1 14.fxg7 Bxg7
15.Qh5+ Kd7 16.b4 Qxb4 17.Qxf5+ Kc7 18.Be3 Raf8 19.Qe4 e5 20.Rxa1 exd4 21.Nxd4 Qb2+
22.Kf3 Qxa1 23.Qe7+ Kb8 24.Nxc6+ bxc6 25.Qxa7+ Kc8 26.Qa6+ Kd8 27.Qb6+ Kd7
28.Qb7+ Kd8 29.Bb6+ Ke8 30.Qxc6+ Kf7 31.Qd5+ Kg6 32.Qg5+ Kf7 33.Qd5+ Kg6
34.Qe6+ Bf6 35.Qg4+  1/2-1/2

[Event "Szeged TT01 IM"]
[Site "Szeged"]
[Date "1998.01.22"]
[Round "8"]
[White "Tatar Kis, Szabolcs"]
[Black "De Santis, Alessio"]
[Result "1-0"]
[WhiteElo "2350"]
[BlackElo "2310"]

1.e4 d6 2.d4 Nf6 3.Nc3 c6 4.f4 Qa5 5.Bd3 d5 6.Bd2 Qb6 7.e5 Ne4 8.Bxe4 dxe4
9.Bc1 Qa5 10.Ne2 f5 11.O-O e6 12.Qe1 Be7 13.Bd2 Qa6 14.Nd1 b6 15.Ne3 O-O
16.c4 Rd8 17.b4 b5 18.c5 Qb7 19.g4 Na6 20.d5 exd5 21.Nd4 Nxc5 22.bxc5 Bxc5
23.Bc3 Bb6 24.gxf5 a6 25.f6 gxf6 26.Kh1 c5 27.Rg1+ Kh8 28.Qh4 Rf8 29.exf6 Rf7
30.Qg5 Bh3 31.Ndf5 Bxf5 32.Nxf5 d4 33.Qg7+ Rxg7 34.fxg7+ Qxg7 35.Rxg7 dxc3
36.Rb7 Rf8 37.Nh6 Bd8 38.Rg1  1-0

[Event "BCF-chT 97/98 (4NCL)"]
[Site "GBR"]
[Date "1998.01.24"]
[Round "5"]
[White "Pert, Richard G"]
[Black "Dishman, Stephen"]
[Result "1-0"]
[WhiteElo "2235"]
[BlackElo "2325"]

1.e4 d6 2.d4 Nf6 3.Nc3 e5 4.Nf3 Nbd7 5.Be3 Be7 6.h3 c6 7.Qd2 b5 8.a3 a6 9.g3 Bb7
10.Bg2 O-O 11.O-O Re8 12.Rad1 Bf8 13.dxe5 dxe5 14.g4 Bc8 15.Qe2 g6 16.Ne1 Qe7
17.Nd3 Bb7 18.b4 a5 19.f4 exf4 20.Bxf4 axb4 21.axb4 Qe6 22.e5 Qc4 23.Qd2 Nd5
24.Nxd5 cxd5 25.Qf2 Bg7 26.Bg5 Rf8 27.Be7 Nxe5 28.Nxe5 Bxe5 29.Bxf8 Rxf8
30.Qc5 Rc8 31.Qxc4 Rxc4 32.Kh1 Rxc2 33.Bxd5 Bxd5+ 34.Rxd5 f6 35.Rf3 g5 36.Rxb5 Kg7
37.Rb7+ Kg6 38.Rd3 h5 39.Rdd7 hxg4 40.hxg4 Rh2+ 41.Kg1 Rh8 42.Rg7+ Kh6 43.Rgf7 Kg6
44.b5 Bf4 45.Kg2 Be3 46.Kf3 Bc5 47.Rg7+ Kh6 48.Rgc7 Bd6 49.Rd7 Bf4 50.Ke4  1-0

[Event "BCF-chT 97/98 (4NCL)"]
[Site "GBR"]
[Date "1998.01.25"]
[Round "6"]
[White "Houska, Jovanka"]
[Black "Buckley, Melanie"]
[Result "1/2-1/2"]
[WhiteElo "2185"]
[BlackElo "2010"]

1.e4 d6 2.d4 Nf6 3.Nc3 e5 4.dxe5 dxe5 5.Qxd8+ Kxd8 6.Bg5 Be6 7.O-O-O+ Kc8
8.f4 exf4 9.e5 Nfd7 10.Bxf4 Nc6 11.Nf3 a6 12.Bd3 Nc5 13.Be2 Be7 14.Nd5 Bxd5
15.Rxd5 Nb4 16.Rd2 Ne6 17.Be3 Nxa2+ 18.Kb1 Nb4 19.Nd4 Nxd4 20.Rxd4 Bc5 21.Bg4+ Kb8
22.Rc4 Bxe3 23.Rxb4 Ka7 24.Rf1 Rhf8 25.Re4 Bg5 26.Rd4 Rae8 27.Rf5 h6 28.Rd7 Re7
29.Rxe7 Bxe7 30.c3 Kb6 31.Kc2 f6 32.e6 Rd8 33.Bh5 c6 34.Rf3 Rd5 35.Bf7 Kc7
36.Rg3 Rg5 37.Rxg5 fxg5 38.Kd3 Kd6 39.Ke4 Bf6 40.Kf5 b5 41.Bh5 a5 42.Be2 a4
43.Bd3 a3 44.bxa3 Bxc3 45.Bc2 Bf6 46.a4 bxa4 47.Bxa4 c5 48.Bb3 h5 49.Kg6 h4
50.Kf7 Bd8 51.Kxg7 Be7 52.Kf7 Bd8 53.Bc4  1/2-1/2

[Event "BCF-chT 97/98 (4NCL)"]
[Site "GBR"]
[Date "1998.01.25"]
[Round "6"]
[White "Lyell, Mark"]
[Black "Rogers, Jonathan"]
[Result "0-1"]
[WhiteElo "2235"]
[BlackElo "2335"]

1.e4 d6 2.d4 Nf6 3.Nc3 e5 4.Nf3 Nbd7 5.Bc4 exd4 6.Qxd4 Nb6 7.Bg5 Be7 8.O-O-O O-O
9.e5 Ng4 10.Bxe7 Qxe7 11.Rhe1 Nxc4 12.Qxc4 Nxe5 13.Nxe5 dxe5 14.f4 Be6 15.Rxe5 Rfd8
16.Rxd8+ Rxd8 17.Qe2 h6 18.g3 Qd7 19.b3 b6 20.Kb2 c5 21.h4 Qc6 22.f5 Bc8
23.f6 Qxf6 24.Re8+ Kh7 25.Rxd8 Qxd8 26.Qe4+ g6 27.h5 Bf5 28.hxg6+ Kxg6 29.Qe5 Qf6
30.Qc7 a5 31.Qf4 h5 32.a4 Qe6 33.Qf2 Qe5 34.Qf3 Be6 35.Ka2 c4 36.Ne4 cxb3+
37.cxb3 Bd5  0-1

[Event "Europe vs Americas"]
[Site "Mermaid Beach"]
[Date "1998.01.26"]
[Round "1"]
[White "Leitao, Rafael"]
[Black "Bezold, Michael"]
[Result "0-1"]
[WhiteElo "2515"]
[BlackElo "2490"]

1.d4 d6 2.e4 Nf6 3.Nc3 e5 4.Nf3 Nbd7 5.Bc4 Be7 6.O-O O-O 7.Re1 a6 8.a4 b6
9.d5 Kh8 10.a5 b5 11.Bf1 Bb7 12.b4 Rc8 13.Bb2 c6 14.dxc6 Rxc6 15.Bd3 Rc7
16.Qd2 Qa8 17.h3 Rfc8 18.Ra3 Kg8 19.Re3 Nf8 20.Nh4 d5 21.exd5 Bxb4 22.Rb3 Bxc3
23.Rxc3 Rxc3 24.Bxc3 Nxd5 25.Bxe5 f6 26.Bb2 Nxe3 27.Qxe3 Re8 28.Qg3 Qb8 29.f4 Qa7+
30.Kh2 Qe3 31.Nf5 Qxg3+ 32.Kxg3 Bd5 33.Ba3 Rd8 34.Ne7+ Kf7 35.Kf2 Ng6 36.Nxd5 Rxd5
37.Ke3 Rd7 38.g3 Rc7 39.Kd4 Ne7 40.c4 Nc6+ 41.Kc3 Nxa5 42.c5 g6 43.f5 Nc6
44.fxg6+ hxg6 45.Be4 a5 46.Bb2 Ne5 47.Kd4 Ke7 48.h4 b4 49.Bc2 Rd7+  0-1

[Event "RUS-Cup02"]
[Site "Moscow"]
[Date "1998.01.26"]
[Round "6"]
[White "Kozlova, Olga"]
[Black "Kodinets, Konstantin L"]
[Result "0-1"]
[WhiteElo "2255"]
[BlackElo "2405"]

1.e4 d6 2.d4 Nf6 3.Nc3 e5 4.dxe5 dxe5 5.Qxd8+ Kxd8 6.Bc4 Be6 7.Bxe6 fxe6
8.Be3 Bd6 9.Nb5 Ke7 10.f3 Nbd7 11.Ne2 a6 12.Nxd6 cxd6 13.O-O-O Rac8 14.Rhe1 Rc6
15.Kb1 Rhc8 16.c3 b5 17.Nc1 Nb6 18.Nd3 a5 19.Bxb6 Rxb6 20.f4 exf4 21.Nxf4 e5
22.Nd5+ Nxd5 23.Rxd5 Rf8 24.Re2 a4 25.Kc2 Ke6 26.a3 g5 27.Rd3 h5 28.Rg3 g4
29.h3 Rf4 30.hxg4 h4 31.Rf3 Rb7 32.Kd3 Rg7 33.Ref2 Rfxg4 34.Rf6+ Kd7 35.Rf7+ Rxf7
36.Rxf7+ Kc6 37.Rf2 Kc5 38.Rd2 Rg3+ 39.Kc2 Re3 40.b4+ axb3+ 41.Kxb3 Rxe4
42.Rd1 Rg4 43.Rh1 d5 44.Re1 e4 45.Re2 Rg3 46.Kc2 Kc4  0-1

[Event "FRA-chT"]
[Site "FRA"]
[Date "1998.02.07"]
[Round "2"]
[White "Beghadi, Mourad"]
[Black "Costa, Jean Luc"]
[Result "0-1"]
[WhiteElo "2205"]
[BlackElo "2395"]

1.e4 d6 2.d4 Nf6 3.Nc3 Nbd7 4.f4 e5 5.Nf3 c6 6.Bc4 exd4 7.Qxd4 d5 8.exd5 Bc5
9.Qd3 O-O 10.dxc6 bxc6 11.Bd2 Re8+ 12.Kf1 h6 13.Re1 Rxe1+ 14.Kxe1 Qf8 15.h3 Bd6
16.g4 Nc5 17.Qe2 Be6 18.Kd1 Qb8 19.Bxe6 Nxe6 20.f5 Qxb2 21.fxe6 Qa1+ 22.Bc1 Bf4
23.exf7+ Kf8 24.Ke1 Qxc1+ 25.Nd1 Kxf7 26.Kf2 Re8 27.Qc4+ Kf8 28.Re1 Rxe1
29.Kxe1 Bg3+ 30.Ke2 Nd5 31.Qc5+ Kg8 32.Qc4 Kh8 33.Qd4 Qxc2+ 34.Kf1 Qxd1+
35.Qxd1 Ne3+ 36.Ke2 Nxd1 37.Kxd1 Bc7 38.Nd4 c5 39.Ne6 Bd6 40.Kc2 Kg8 41.Kc3 Kf7
42.Nd8+ Ke8 43.Nb7 Kd7 44.Kc4 Kc6 45.Na5+ Kb6 46.Nb3 Kc6 47.Nd2 Be7 48.Ne4 Bf8
49.a4 a6 50.Nc3 Be7 51.Ne4 Bf8 52.h4 Kb6 53.h5 Be7 54.Kd5 Ka5 55.Ke6 Bg5
56.Nxc5 Be3 57.Nb7+ Kxa4 58.Kf7 Kb4 59.Kxg7 a5 60.Nxa5 Kxa5 61.Kf6 Bg5+ 62.Ke5 Kb4
63.Kd4 Kb3 64.Kd3 Kb2 65.Ke2 Kc2 66.Kf2 Kd2 67.Kf3 Ke1 68.Kg2 Ke2 69.Kg3 Ke3
70.Kg2 Bf4 71.Kf1 Bg3 72.Kg2 Kf4 73.Kf1 Kf3 74.Kg1 Bh4 75.Kh2 Bf2  0-1

[Event "CZE-chT 9798"]
[Site "CZE"]
[Date "1998.02.08"]
[Round "7"]
[White "Vavra, Pavel"]
[Black "Pribyl, Josef"]
[Result "1/2-1/2"]
[WhiteElo "2340"]
[BlackElo "2425"]

1.e4 d6 2.d4 Nf6 3.Nc3 e5 4.Nge2 c6 5.f3 b5 6.Be3 Nbd7 7.g4 b4 8.Na4 Be7
9.Ng3 O-O 10.g5 Ne8 11.dxe5 dxe5 12.Qd2 Nd6 13.a3 a5 14.Nf5 Nxf5 15.exf5 Re8
16.Bc4 Nf8 17.Nb6 Rb8 18.Qxd8 Rxd8 19.Nxc8 Rdxc8 20.axb4 Rxb4 21.b3 Ra8 22.Rg1 a4
23.c3 axb3 24.Rxa8 Rxc4 25.Kd2 e4 26.f6 Bd6 27.Bd4 c5 28.fxg7 cxd4 29.gxf8=Q+ Bxf8
30.cxd4 exf3 31.Kd3 Rc2 32.Rb8 Rg2 33.Rf1 Rxh2 34.Rxb3 f2 35.Rb2 Rg2 36.Rbxf2 Rxg5
37.Rxf7 Bg7 38.Rb7 h5 39.Rh1 Rg3+ 40.Kc4 Rg4 41.Rd7 h4 42.Kc5 Kh7 43.d5 Kg6
44.d6 Bf6 45.Rb7 Rg3 46.Rb4 h3 47.Rb5 Rc3+ 48.Kd5 Kf7 49.Rc5 Re3 50.Rc7+ Kg6
51.d7 Bd8 52.Rc8 Rd3+ 53.Kc6 Bf6 54.Rf8 Rc3+ 55.Kd5 Rd3+ 56.Ke4 Rd4+ 57.Ke3 Rxd7
58.Rxh3 Bg5+ 59.Ke4 Re7+ 60.Kd5 Rf7 61.Rg8+ Rg7 62.Rxg7+ Kxg7 63.Ke6 Bc1
64.Rg3+ Kf8 65.Rc3 Bb2 66.Rc7 Bd4 67.Rd7 Bb2 68.Rf7+ Kg8 69.Ke7 Bc3 70.Rf3 Be5
71.Re3 Bd4 72.Rh3 Kg7 73.Rg3+ Kh6 74.Ke6 Bb2 75.Rb3 Bd4 76.Rd3 Bb2 77.Rd2 Bc3
78.Rc2 Bd4 79.Rc6 Bb2 80.Rb6 Bd4 81.Ra6  1/2-1/2

[Event "Masters 14th"]
[Site "Caldas de Felgueira"]
[Date "1998.02.10"]
[Round "4"]
[White "Santos, Carlos P"]
[Black "Galego, Luis"]
[Result "0-1"]
[WhiteElo "2400"]
[BlackElo "2445"]

1.e4 d6 2.d4 Nf6 3.Nc3 c6 4.f4 Qb6 5.Nf3 Bg4 6.Bd3 e5 7.dxe5 dxe5 8.Qe2 Nbd7
9.Bd2 O-O-O 10.Rb1 exf4 11.Na4 Qc7 12.b4 Ne5 13.b5 cxb5 14.Rxb5 Nxd3+ 15.cxd3 Bd7
16.Nd4 Bxb5 17.Nxb5 Qd7 18.d4 Nxe4 19.Bxf4 Bb4+ 20.Kd1 Bd6 21.Qc4+ Kb8 22.Nc5 Qxb5  0-1

[Event "Malaga op"]
[Site "Malaga"]
[Date "1998.02.17"]
[Round "5"]
[White "Romero Holmes, Alfonso"]
[Black "Cifuentes Parada, Roberto"]
[Result "0-1"]
[WhiteElo "2490"]
[BlackElo "2535"]

1.e4 d6 2.d4 Nf6 3.Nc3 e5 4.Nge2 Nc6 5.f3 Be7 6.Be3 O-O 7.Qd2 a6 8.O-O-O exd4
9.Nxd4 Nxd4 10.Qxd4 Be6 11.Kb1 c5 12.Qd2 b5 13.g4 b4 14.Nd5 Bxd5 15.exd5 Re8
16.g5 Nd7 17.h4 Bf8 18.h5 Qe7 19.Re1 Ne5 20.Qg2 f5 21.Bc1 Qf7 22.f4 Ng4 23.Re6 Qb7
24.Qe2 Rxe6 25.Qxe6+ Qf7 26.g6 Qxe6 27.dxe6 Be7 28.gxh7+ Kxh7 29.Bd3 Nh6
30.Re1 a5 31.Bc4 Ng4 32.Bd3 Rf8 33.a3 Kh6 34.axb4 axb4 35.Ka2 Kxh5 36.Rh1+ Kg6
37.Rg1 Kf6 38.Bc4 Rh8 39.b3 Bf8 40.Bb2+ Ke7 41.Bd3 Rh5 42.Bxf5 Rxf5 43.Rxg4 Kxe6
44.Bxg7 Bxg7 45.Rxg7 Rxf4 46.Kb2 Ke5 47.Re7+ Kd4 48.Rd7 d5 49.Rd8 Rf2 50.Rd7 Ke5
51.Rc7 Kd6 52.Rc8 Rf4 53.Rd8+ Kc6 54.Rc8+ Kb6 55.Re8 Rf5 56.Rc8 Rf7 57.Rd8 Kc6
58.Rc8+ Rc7 59.Rb8 Rb7 60.Rc8+ Kd6 61.Rd8+ Ke5 62.Re8+ Kd4 63.Rd8 Re7 64.Rd6 Re8
65.Rd7 Ke5 66.Rb7 Kd6 67.Rb6+ Kc7 68.Rh6 Rd8 69.Rh7+ Kc6 70.Rh4 Rd6 71.Rg4 Re6
72.Rh4 Kd6 73.Rg4 Rh6 74.Rg5 Kc6 75.Rg4 Rh1 76.Rg6+ Kb5 77.Rg5 Rd1 78.Rh5 Rd4
79.Rg5  0-1

[Event "AUT-chT3 9798"]
[Site "Vorarlberg "]
[Date "1998.02.27"]
[Round "9"]
[White "Scheffknecht, Philipp"]
[Black "Genduso, Carmelo"]
[Result "1/2-1/2"]
[WhiteElo "1771"]
[BlackElo "2210"]

1.e4 d6 2.d4 Nf6 3.Nc3 c6 4.Bd3 e5 5.Nge2 Qb6 6.dxe5 dxe5 7.O-O Nbd7 8.h3 Be7
9.Kh1 O-O 10.f4 exf4 11.Bxf4 Qa5 12.Ng3 Ne5 13.Nh5 Ng6 14.Nxf6+ Bxf6 15.Bd2 Qe5
16.Qf3 Be6 17.Nd1 Qd6 18.Ne3 Ne5 19.Qg3 Nc4 20.Qxd6 Nxd6 21.Bb4 Rfd8 22.Ba3 Rd7
23.Rad1 Rad8 24.b3 Bg5 25.Bxd6 Rxd6 26.Rf3 g6 27.Rdf1 Kg7 28.Nc4 Rd4 29.e5 Bd5
30.R3f2 b5 31.Nd6 Rd7 32.Ne8+ Kf8 33.Nf6 Bxf6 34.exf6 Be6 35.Kh2 Ke8 36.g4 Kd8
37.Kg3 Kc7 38.Rf4 Rxf4 39.Rxf4 Kd6 40.Rd4+ Ke5 41.Rxd7 Bxd7 42.g5 Bf5 43.Bxf5 Kxf5
44.h4 Ke4 45.Kg4 b4 46.Kg3 Ke3 47.Kg4  1/2-1/2

[Event "Budapest FS03 IM"]
[Site "Budapest"]
[Date "1998.03.07"]
[Round "1"]
[White "De Gleria, Francesco"]
[Black "Todorov, Todor"]
[Result "1-0"]
[WhiteElo "2245"]
[BlackElo "2405"]

1.e4 d6 2.d4 Nf6 3.Nc3 c6 4.g3 e5 5.Bg2 g6 6.a4 Bg7 7.Nge2 O-O 8.h3 a5 9.O-O Na6
10.Re1 Re8 11.Be3 Nb4 12.Qd2 exd4 13.Bxd4 Qc7 14.Rad1 Be6 15.Nf4 Rad8 16.b3 Bc8
17.Re2 Rd7 18.Qe3 Qb8 19.Qf3 Rf8 20.Nfd5 Ne8 21.Bxg7 Kxg7 22.Nxb4 axb4 23.Na2 c5
24.c3 bxc3 25.Nxc3 Nf6 26.Red2 b6 27.Nb5 Rfd8 28.Qc3 Ba6 29.g4 h6 30.f4 Bxb5
31.axb5 d5 32.g5 hxg5 33.fxg5 d4 34.gxf6+ Kxf6 35.Qf3+ Kg7 36.Bf1 Qe5 37.Bd3 Rh8
38.Qg4 Ra7 39.Rf1 Rh5 40.Rg2 Re7 41.Bc4 Rh7 42.Bxf7  1-0

[Event "CZE-chT 9798"]
[Site "CZE"]
[Date "1998.03.08"]
[Round "9"]
[White "Plachetka, Jan"]
[Black "Jansa, Vlastimil"]
[Result "1/2-1/2"]
[WhiteElo "2425"]
[BlackElo "2480"]

1.d4 d6 2.e4 Nf6 3.Nc3 Nbd7 4.g3 e5 5.Nge2 b5 6.Bg2 c6 7.a3 Bb7 8.O-O a5
9.Re1 Be7 10.h3 O-O 11.g4 b4 12.Na4 d5 13.exd5 Nxd5 14.c4 bxc3 15.Naxc3 Nxc3
16.Nxc3 exd4 17.Qxd4 Bf6 18.Qd6 Nb6 19.Ne4 Be7 20.Qxd8 Raxd8 21.Be3 Nd5 22.Bc5 Bxc5
23.Nxc5 Bc8 24.Nb3 a4 25.Na5 Nf4 26.Nxc6 Nxg2 27.Ne7+ Kh8 28.Kxg2 Bb7+ 29.Kg3 Rd2
30.Nf5 Rxb2 31.Rac1 g6 32.Nd6 Bd5 33.Rc5 Rb3+ 34.Re3 Be6 35.Ra5 Rd8 36.Ra6 Kg7
37.Kf4 h6 38.h4 Rxe3 39.fxe3 Kf8 40.g5 hxg5+ 41.hxg5 Bb3 42.Ke5 Kg7 43.Ra7 Rh8
44.e4 Rh5 45.Kf4 Rh4+ 46.Ke5 Rg4 47.Ne8+ Kf8 48.Nd6 Kg7 49.Ne8+  1/2-1/2

[Event "AUT-chT2O 9798"]
[Site "Austria"]
[Date "1998.03.11"]
[Round "11"]
[White "Brandner, Stefan"]
[Black "Rotstein, Arkadij"]
[Result "0-1"]
[WhiteElo "2295"]
[BlackElo "2455"]

1.d4 Nf6 2.Nc3 d6 3.e4 e5 4.Nge2 Be7 5.g3 O-O 6.Bg2 c6 7.a4 a5 8.O-O Na6
9.h3 Re8 10.Be3 Qc7 11.Qd2 Nb4 12.f4 exd4 13.Bxd4 d5 14.exd5 Nbxd5 15.Rae1 Nxc3
16.Nxc3 Be6 17.b3 Qd7 18.Qe3 Bxh3  0-1

[Event "POL-ch"]
[Site "Ksiaz"]
[Date "1998.03.15"]
[Round "4"]
[White "Grabarczyk, Bogdan"]
[Black "Urban, Klaudiusz"]
[Result "1/2-1/2"]
[WhiteElo "2425"]
[BlackElo "2480"]

1.e4 d6 2.d4 Nf6 3.Nc3 e5 4.Nf3 Nbd7 5.Bc4 Be7 6.O-O O-O 7.h3 c6 8.a4 b6
9.Ba2 a6 10.Bg5 Rb8 11.Bxf6 Bxf6 12.d5 c5 13.Bc4 g6 14.Qe2 Ra8 15.Rfb1 Qe8
16.b4 Bd8 17.Nd2 Bc7 18.Bd3 Qd8 19.Qd1 Qh4 20.Ne2 f5 21.Ng3 f4 22.Ngf1 Qf6
23.c3 h5 24.Be2 Rf7 25.a5 cxb4 26.cxb4 b5 27.Rc1 Qd8 28.Qc2 Nf6 29.Qc6 Ra7
30.Ra3 Bd7 31.Qc2 Bb8 32.Rc3 Ra8 33.Nf3 Nh7 34.h4 Kh8 35.Bd1 Rg7 36.N1d2 g5
37.hxg5 Nxg5 38.Kf1 Nf7 39.Nb3 Qf6 40.Qe2 Nh6 41.Ne1 Bg4 42.Qc2 Ba7 43.Bxg4 hxg4
44.Rc8+ Rxc8 45.Qxc8+ Ng8 46.Rc7 Rxc7 47.Qxc7 Qe7 48.Qxe7 Nxe7 49.Ke2 Kg7
50.Nc2  1/2-1/2

[Event "BCF-chT 97/98 (4NCL)"]
[Site "GBR"]
[Date "1998.03.21"]
[Round "7"]
[White "Regan, Natasha"]
[Black "Buckley, Melanie"]
[Result "1-0"]
[WhiteElo "2160"]
[BlackElo "2010"]

1.e4 d6 2.d4 Nf6 3.Nc3 e5 4.Nf3 Nbd7 5.Bc4 Be7 6.O-O O-O 7.a4 c6 8.Re1 b6
9.Ba2 a6 10.h3 Bb7 11.Bg5 Ne8 12.Be3 b5 13.b4 Nc7 14.Qe2 d5 15.Rab1 dxe4
16.Nxe5 Nxe5 17.dxe5 Nd5 18.Nxe4 Qc7 19.Bd4 Nf4 20.Qg4 Ng6 21.Ng5 c5 22.Bxc5 Bxc5
23.bxc5 Qxc5 24.Qh5 h6 25.Nxf7 Bd5 26.Bxd5 Qxd5 27.Nxh6+  1-0

[Event "Hampstead IM"]
[Site "Hampstead"]
[Date "1998.03.31"]
[Round "9"]
[White "Vigus, James"]
[Black "Houska, Miroslav"]
[Result "1-0"]
[WhiteElo "2260"]
[BlackElo "2385"]

1.d4 d6 2.e4 Nf6 3.Nc3 e5 4.Nf3 Nbd7 5.g3 Be7 6.Bg2 O-O 7.O-O c6 8.a4 b6
9.Re1 a6 10.b3 Rb8 11.Bb2 b5 12.Nb1 Qc7 13.Nbd2 Re8 14.c3 Nf8 15.Qc2 Ng6
16.Nf1 Bf8 17.Ne3 Bd7 18.axb5 axb5 19.Nd2 h5 20.h4 Rb7 21.Nf3 exd4 22.Nxd4 c5
23.Ndf5 Ne5 24.f4 Neg4 25.c4 bxc4 26.Nxc4 Bxf5 27.exf5 Rxe1+ 28.Rxe1 d5 29.Ne5 c4
30.Kh1 Rxb3 31.Nxg4 Nxg4 32.Bxd5 Rxg3 33.Qxc4 Rh3+ 34.Kg1 Bc5+ 35.Bd4 Rg3+
36.Kh1 Rh3+ 37.Kg2 Rh2+ 38.Kg3 Nh6 39.Bxc5 Qd8 40.Be7 Qb6 41.Bc5 Qd8 42.Re7 Nxf5+
43.Kxh2 Nxe7 44.Bxf7+ Kh8 45.Qe2 Nf5 46.Qxh5+ Nh6 47.Bd5 Qb8 48.Kg3 Kh7 49.Be4+ Kg8
50.Qd5+ Kh8 51.Qa8 Nf5+ 52.Kh3  1-0

[Event "FRA-chT"]
[Site "FRA"]
[Date "1998.04.04"]
[Round "6"]
[White "Vaisser, Anatoli"]
[Black "Gallagher, Joseph G"]
[Result "1/2-1/2"]
[WhiteElo "2595"]
[BlackElo "2490"]

1.d4 d6 2.e4 Nf6 3.Nc3 e5 4.dxe5 dxe5 5.Qxd8+ Kxd8 6.Bc4 Be6 7.Bxe6 fxe6
8.f3 Bc5 9.Na4 Bd6 10.Be3 Nbd7 11.Ne2 Ke7 12.b3 b5 13.Nb2 Bb4+ 14.Bd2 Bxd2+
15.Kxd2 Rhd8 16.Ke3 Nc5 17.a4 a6 18.b4 Nxa4 19.Nxa4 bxa4 20.Rxa4 c5 21.bxc5 Rdc8
22.Rc4 Nd7 23.c6 Nb6 24.Rc3 Na4 25.Rb3 Rxc6 26.Rb7+ Kf8 27.Ra1 Nc5 28.Rb2 Nd7
29.Rb7 Nc5 30.Rb2 Nd7 31.Rb7  1/2-1/2

[Event "Dreifluesse op"]
[Site "Passau"]
[Date "1998.04.10"]
[Round "1"]
[White "Pruefer, Stefan"]
[Black "Hoepfl, Thomas"]
[Result "0-1"]
[WhiteElo "1838"]
[BlackElo "2215"]

1.e4 d6 2.d4 Nf6 3.Nc3 c6 4.f4 Qa5 5.Bd3 e5 6.dxe5 dxe5 7.fxe5 Ng4 8.h3 Nxe5
9.Nf3 Be6 10.O-O Nbd7 11.Kh1 Be7 12.Be3 O-O 13.Qe1 Nxf3 14.Rxf3 Qh5 15.Be2 Qh4
16.Qc1 Ne5 17.Rf4 Qg3 18.Rf2 Bd6 19.Kg1 Ng6 20.Rf3 Qh2+ 21.Kf1 f5 22.Qe1 fxe4
23.Nxe4 Rxf3+ 24.Bxf3 Bc4+ 25.Kf2 Rf8 26.Nxd6 Nh4 27.Bf4 Qxf4 28.Nxc4 Qxc4
29.Qc3 Qf4 30.Rd1 Nxf3 31.gxf3 Qh2+ 32.Kf1 Qxh3+ 33.Kf2 Qh2+ 34.Kf1 Qh1+
35.Ke2 Re8+  0-1

[Event "Dreifluesse op"]
[Site "Passau"]
[Date "1998.04.10"]
[Round "1"]
[White "Czap, Bernhard"]
[Black "Barlo, Werner"]
[Result "1-0"]
[WhiteElo "2100"]
[BlackElo "1686"]

1.d4 d6 2.e4 Nf6 3.Nc3 Nbd7 4.Nf3 e5 5.Bc4 Be7 6.Bxf7+ Kxf7 7.Ng5+ Kg8 8.Ne6 Qe8
9.Nxc7 Qg6 10.Nxa8 Qxg2 11.Rf1 Ng4 12.Qd3 h6 13.Qg3 Qxg3 14.hxg3 Nh2 15.Be3 Nxf1
16.Kxf1 a6 17.Nc7 Kf7 18.N7d5 Bd8 19.a4 Nf6 20.Nxf6 gxf6 21.Ke2 h5 22.Rh1 Bd7
23.b3 Ba5 24.Nd5 Be6 25.c4 Bxd5 26.exd5 Kg6 27.dxe5 fxe5 28.f3 Rh7 29.Kd3 Rf7
30.Ke4 Rh7 31.c5 Bb4 32.c6 bxc6 33.dxc6 Ba5 34.Rd1 Bc7 35.b4 h4 36.g4 h3
37.b5 axb5 38.axb5 h2 39.Rh1 Kf6 40.b6 Bb8 41.c7 Bxc7 42.bxc7 Rxc7 43.Rxh2 d5+
44.Kxd5 Rd7+ 45.Ke4  1-0

[Event "Dreifluesse op"]
[Site "Passau"]
[Date "1998.04.10"]
[Round "2"]
[White "Merz, Martin"]
[Black "Deglmann, Ludwig"]
[Result "0-1"]
[WhiteElo "2036"]
[BlackElo "2240"]

1.d4 d6 2.e4 Nf6 3.Nc3 e5 4.Nf3 Nbd7 5.Bc4 Be7 6.O-O O-O 7.Qe2 c6 8.a4 b6
9.Rd1 Qc7 10.Bg5 h6 11.Bh4 a6 12.Rd3 Re8 13.Bg3 Bb7 14.dxe5 Nxe5 15.Nxe5 dxe5
16.Rad1 b5 17.Bb3 Rad8 18.Bh4 Rxd3 19.Rxd3 Rd8 20.Rxd8+ Qxd8 21.h3 g6 22.Kh2 Kg7
23.Bxf6+ Bxf6 24.axb5 axb5 25.Nd1 h5 26.Ne3 Qd4 27.Qf3 Bc8 28.g4 hxg4 29.hxg4 Qd7
30.Qg3 Qe7 31.c4 Bg5 32.cxb5  0-1